| 000 | 00666nac a22001691u 4500 | ||
|---|---|---|---|
| 008 | 100719s1984 le||||| |||| 00| 0 ara d | ||
| 082 |
_a103 _bب د و |
||
| 245 |
_aموسوعة الفلسفة/ _cعبد الرحمن بدوي |
||
| 260 |
_aبيروت : _bالموسوعة العربية للدراسات والنشر ، 1984 _c1984. |
||
| 300 |
_a2 مج: _bصور ؛ _c24سم |
||
| 504 | _aيشتمل على إرجاعات ببليوجرافية | ||
| 505 | _aج1، ا-س -- ج2، ش-ي | ||
| 511 | _aCatalogued by: Sara | ||
| 541 |
_aالف باء ؛ _cشراء ؛ |
||
| 650 |
_aالفلسفة _916425 _vدوائر معارف |
||
| 942 |
_cNB _k103ب د و _2ddc |
||
| 999 |
_c7379 _d7379 |
||